01624nab a2200253uuc4500001000800000005001700008008004100025035001200066035002100078040001300099041000800112100004400120245007300164260001000237520077800247650003501025650004301060650005101103650003901154650004001193773010801233942001001341999001901351124884520240202102211.0110715s2011 spa  a1248845 a(OCoLC)820588492 ccomduadb aspa10aRein Venegas, Tatiana4auteaut941790213aEl movimiento de mujeres : agentes conductores e la agenda pública c2011.3 aEl presente artículo explora los movimientos de mujeres en cuatro países de Sudamérica: Argentina, Brasil, Chile y Uruguay. Mediante el empleo de una comparación cualitativa intenta determinar si en esos países existe un movimiento unitario en la lucha por los derechos de las mujeres. Además, indaga en las características de los movimientos que determinan su capacidad de influir en la agenda pública. Los resultados sugieren que en todos ellos puede efectivamente identificarse un movimiento unitario de mujeres, pero se observan diferencias respecto del grado de vinculación entre las diversas organizaciones, así como de la autonomía e independencia respecto del Estado. Variaciones que inciden en su capacidad de influir en la agenda pública. aMovimientos de mujeres9146304 aMovimientos sociales de mujeres987276 aDerechos de la mujer - América Latina912393 aMujeres - América Latina9115849 aGénero - América Latina91210150 tEstudios Internacionales (Chile)gVol. 43, No. 168, Ene.-Abr. 2011, p. 25-49w948634x0716-02400368678 cARIMP c585282d585282